000 02965nam a22004457a 4500
003 PE-LiUPU
005 20250731180159.0
008 230525b |||||||| |||| 00| 0 spa d
020 _a968463031X
040 _bspa
_cPE-LiUPU
_dPE-LiUPU
_erda
082 _223
_a508.09
_bR741i
100 _aRojas Garcidueñas, Manuel.
_91061
_d1925-2021
245 _aIntroducción a la historia de la ciencia /
_cManuel Rojas Garcidueñas.
250 _aPrimera edición.
264 _aMexico :
_bAGT Editor, S.A.,
_c[198_]
300 _a214 páginas :
_bfiguras en blanco y negro ;
_c20 centímetros.
504 _aBibliografía general: páginas 213-214.
505 _aNACIMIENTO DE LA CIENCIA: El nacimiento del espíritu científico -- Los atomistas -- La medicina griega -- El espíritu científico en Atenas -- El nacimiento de la ciencia aplicada. DECADENCIA DE LA CIENCIA ANTIGUA -- El fin del mundo helenístico -- La ciencia en la alta Edad Media y en Bizancio -- La ciencia en la baja Edad Media y en el mundo árabe. RENACIMIENTO DEL ESPÍRITU CIENTÍFICO (1450-1600): El mundo renacentista -- Tecnología renacentista -- La ciencia renacentista. LA FUNDAMENTACIÓN DE LA CIENCIA, EL SIGLO XVII: La fundamentación filosófica de la ciencia La revolución en física: Galileo y Newton -- La química. El flogisto -- Las ciencias biológicas -- La crisis de las universidades. Las Academias – LA REVOLUCIÓN CIENTÍFICA, EL SIGLO XVIII: El impacto social de la ciencia -- El nacimiento de la nueva sociedad --Los avances de la física -- La fundamentación de la química -- Las ciencias biológicas, Los naturalistas -- Las ciencias biológicas. La biología cuantitativa -- Las ciencias biológicas. La disputa entre mecanicismo y vitalismo -- Las ciencias biológicas. La disputa por el origen de los seres vivos -- Precursores de la biología aplicada -- La revolución industrial y agraria -- Las causas y el impacto de la revolución industrial. SIGLO XIX, EL MUNDO VICTORIANO: Positivismo y tecnología -- Los avances de la física -- Los avances de la química -- La fundamentación de la biología moderna -- Los avances de la biología -- La unificación de la ciencia -- La crisis científica y social del siglo XIX. CIENCIA Y TECNOLOG0A EN EL SIGLO XX: La física moderna -- La biología moderna -- Tecnología y sociedad.
526 _aSEG44
526 _aSEG26
526 _aP159
526 _aP155
526 _aP154
526 _aP153
526 _aP150
526 _aP100
526 _aP31
526 _aP30
526 _aP26
526 _aP25
526 _aP24
526 _aP22
526 _aP15
526 _aP10
650 0 _aCiencia
_xHistoria
_91065
650 0 _aCiencia
_xaspectos sociales
_91064
942 _2ddc
_cBK
_n0
980 _621515
_aDIGNA BRAÑES Analista Documental
_81
_gALBERTO SANCHEZ Responsable de Automatización
999 _c61785
_d61785